000 00780nam a22002651 4500
001 17290
003 BD-RjUL
005 20211209000121.0
008 731015s1953 nyua 001 0 eng d
035 _a(BD-RjUL)17348
035 _a(OCoLC)717848
040 _aDLC
_cOClU
_dDLC
_dBD-RjUL
_beng
041 _aeng
082 0 0 _a650
_bROB 1953
100 1 _aRobinson, Edwin M.
_953300
245 1 0 _aBusiness organization and practice /
_cby Edwin M. Robinson, Frederick G. Nichols, consulting editor.
250 _a2d ed.
260 _aNew York :
_bGregg Pub. Division, McGraw-Hill,
_c1953.
300 _axiii, 466 p. :
_billus.
_c24 cm.
504 _aIncludes indexes.
650 0 _aBusiness.
_953301
942 _2ddc
_cBK
999 _c17290
_d17290